| 000 | 00890nam a22003017a 4500 | ||
|---|---|---|---|
| 001 | BR8302101 | ||
| 003 | BR-BrBNA | ||
| 005 | 20230928091636.0 | ||
| 007 | ta | ||
| 008 | 230509b bl.||||| |||| 00| 0 por d | ||
| 040 |
_aBR-BrBNA _bpor _cBiblioteca Nacional de Agricultura |
||
| 041 | _a(Por) | ||
| 072 |
_aE30 _b/G514 |
||
| 090 | _ E30 BR8302101 | ||
| 100 | 1 | _aAltoe, A.G. | |
| 100 | 1 | _aGuerra, C.B. | |
| 100 | 1 | _aSantos, J.V. | |
| 100 | 1 | _aLoss, W.R. | |
| 110 | 1 |
_aInstituto de Coordenacao Estadual de Planejamento Agricola, Vitoria, ES (Brasil) _95993 |
|
| 245 | 1 | _aSubsidio ao plano agricola estadual para 1983/1987 [Espirito Santo, Brasil] | |
| 260 | 3 |
_aVitoria, ES (Brasil): _c1983. |
|
| 300 | _a19 p. | ||
| 650 | _aPLANEJAMENTO AGRICOLA | ||
| 650 | _aPOLITICA DE DESENVOLVIMENTO | ||
| 650 | _aESPIRITO SANTO | ||
| 909 |
_a202309 _bLucia _c55 _dLucia Elande |
||
| 942 | _cBK | ||
| 999 |
_c34807 _d34807 |
||